[Event "Penang op-B 14th"]
[Site "Penang"]
[Date "2022.12.20"]
[Round "3"]
[White "Teah, Jared"]
[Black "Koay, Yu Hang"]
[Result "1/2-1/2"]
[WhiteElo "1185"]
[BlackElo "1418"]
[PlyCount "96"]
[EventDate "2022.12.19"]
[EventType "swiss"]
[EventRounds "9"]
[EventCountry "MAS"]
[SourceTitle "EXT 2024"]
[Source "ChessBase"]
[SourceDate "2023.10.10"]
[SourceVersion "1"]
[SourceVersionDate "2023.10.10"]
[SourceQuality "1"]

1. d4 d5 2. Nf3 Nf6 3. Bf4 e6 4. e3 Bd6 5. Bg3 0-0 6. Bd3 Qe7 7. c3 Nbd7 8. Nbd2 e5 9. dxe5 Nxe5 10. Nxe5 Bxe5 11. Nf3 Bd6 12. Qc2 h6 13. 0-0 Bxg3 14. hxg3 c6 15. Rac1 Be6 16. Rfd1 Rad8 17. Qa4 Qc5 18. Nd4 Nd7 19. Nb3 Qb6 20. Qa5 Rb8 21. c4 Qxa5 22. Nxa5 Ne5 23. Be2 dxc4 24. Nxc4 Nxc4 25. Bxc4 Rfd8 26. Bxe6 fxe6 27. Kf1 Kf7 28. Ke2 Ke7 29. Rc4 Rxd1 30. Kxd1 Rd8+ 31. Ke2 Rd5 32. Ra4 a5 33. b4 axb4 34. Rxb4 b5 35. a4 Kd6 36. axb5 cxb5 37. e4 Rc5 38. g4 Kc6 39. f4 Rc4 40. Rxc4+ bxc4 41. Kd2 Kb5 42. Kc3 Kc5 43. g3 g6 44. f5 gxf5 45. gxf5 exf5 46. exf5 h5 47. f6 Kd6 48. Kxc4 Ke6 1/2-1/2